Sogni E Fantasie Erotiche Il loro significato come interpretarli l'alfabetico erotico

保存先:
書誌詳細
第一著者: Sibilla Mainetti
フォーマット: 図書
言語:言語不明
出版事項: Gruppo Deitoriale Sirio
タグ: タグ追加
タグなし, このレコードへの初めてのタグを付けませんか!

MARC

LEADER 00000nam a2200000Ia 4500
001 R-1576
003 CODICE-MESSINA
005 20260212102509.0
008 260211s9999 xx 000 0 und d
040 |c importazione_messina 
100 |a Sibilla Mainetti 
245 0 |a Sogni E Fantasie Erotiche 
245 0 |b Il loro significato come interpretarli l'alfabetico erotico 
260 |b Gruppo Deitoriale Sirio 
942 |2 ddc  |c BK 
952 |0 0  |1 0  |2 ddc  |4 0  |6 SCAFFALE_15_000000000000000__LGBT_S_R  |7 0  |9 32414  |a ME  |b ME  |d 2026-02-11  |l 0  |o SCAFFALE 15 - LGBT S.R.  |p R-1576  |r 2026-02-11 23:53:10  |w 2026-02-11  |x [REVISIONARE]  |y BK 
999 |c 28081  |d 28081